Tractatus de divina traditione et scriptura

Uloženo v:
Podrobná bibliografie
Hlavní autor: Franzelin, Ionannis Bapt (Autor)
Médium: Kniha
Jazyk:latina
Vydáno: Roma Ex Typographia Polyglota 1896
Vydání:4a. ed
Témata:
Tagy: Přidat tag
Žádné tagy, Buďte první, kdo vytvoří štítek k tomuto záznamu!

MARC

LEADER 00000cam a2200000 a 4500
001 UCD2423
003 CL-VaPUC
008 160428e18960000it |||||||||||||||||lat|d
082 0 4 |a 231.042  |b FRA  |2 21 
100 0 |a Franzelin, Ionannis Bapt  |e author  |9 585772 
245 1 0 |a Tractatus de divina traditione et scriptura 
250 |a 4a. ed 
300 |a 677 p 
942 |c BK 
945 |d 20160428 21:50:00  |a dcastane 
260 |a Roma  |b Ex Typographia Polyglota  |c 1896 
650 7 |a TRADICION CRISTIANA  |2 CL-VaPUC  |9 585773 
583 |a last modification  |c 20160428 21:50:00  |k Rodrigo Vera 
999 |c 363585  |d 363583 
952 |0 0  |1 0  |3 erd  |4 0  |6 231_042000000000000_FRA_1896  |7 0  |8 X  |9 476081  |a BIBTEO  |b BIBTEO  |c TEO_FFR  |i 5226848  |o 231.042 FRA 1896  |p 5226848  |r 2024-01-18  |w 2019-11-24  |y BK_X  |z Catalogado en:20160428  |k OFM